Thuốc tim mạch

Gespeichert in:
Bibliographische Detailangaben
1. Verfasser: Phạm Tử Dương
Format: Buch
Sprache:Undetermined
Veröffentlicht: Hà Nội Y học 1984
Schlagworte:
Tags: Tag hinzufügen
Keine Tags, Fügen Sie den ersten Tag hinzu!
Thư viện lưu trữ: Trung tâm Học liệu Trường Đại học Cần Thơ
LEADER 00509nam a2200181Ia 4500
001 CTU_7430
008 210402s9999 xx 000 0 und d
082 |a 615.71 
082 |b D561 
100 |a Phạm Tử Dương 
245 0 |a Thuốc tim mạch 
245 0 |c Phạm Tử Dương 
260 |a Hà Nội 
260 |b Y học 
260 |c 1984 
650 |a cardiovascular agents,drugs 
904 |i Nguyễn Huỳnh Mai, 960820 
980 |a Trung tâm Học liệu Trường Đại học Cần Thơ